Temas capitales de la educación.

保存先:
書誌詳細
第一著者: Foerster, Friedrich Wilhelm (autor)
フォーマット: 図書
言語:スペイン語
主題:
タグ: タグ追加
タグなし, このレコードへの初めてのタグを付けませんか!

MARC

LEADER 00000cam^a2200000uu^4500
001 000457860
005 20250521000000.0
008 050901s1960^^^^^^^^^^^^rd^r^^000^0^spa^d
009 20260310124054.883
035 |a FCE 000000304 
035 |a FCE 001205 
037 |a Acervo ITESO - Biblioteca 
041 |a spa 
082 0 4 |a 377.21  |b F633t 
100 |a Foerster, Friedrich Wilhelm  |e (autor) 
245 1 0 |a Temas capitales de la educación. 
264 |a Barcelona :  |b Herder,  |c 1960. 
300 |a 237 p. 
336 |a texto  |b txt  |2 rdacontenido 
337 |a sin mediación  |b n  |2 rdamedio 
338 |a volumen  |b nc  |2 rdasoporte 
649 |a XX 
650 |a Objetivo educativo 
650 |a Teoría de la educación 
910 |a Fondo Centro de Estudios Educativos 
920 |a Impresos - Libros 
930 |a Fondos Especiales 
905 |a 133 
901 |a ALE001205  |b IT2  |c CEE  |u 20250521 
902 |a https://opac.biblio.iteso.mx/vufind/Record/000457860